Fundamentals of Information Systems

Tallennettuna:
Bibliografiset tiedot
Päätekijä: Stair, Ralph M
Muut tekijät: Reynolds, George W
Aineistotyyppi: Kirja
Kieli:Undetermined
Julkaistu: High Holborn Thomson Learning 2004
Aiheet:
Linkit:http://lrc.tdmu.edu.vn/opac/search/detail.asp?aID=2&ID=7203
Tagit: Lisää tagi
Ei tageja, Lisää ensimmäinen tagi!
Thư viện lưu trữ: Trung tâm Học liệu Trường Đại học Thủ Dầu Một
LEADER 00753nam a2200205Ia 4500
001 TDMU_7203
008 210410s9999 xx 000 0 und d
082 |a 658.4 
090 |b S103 
100 |a Stair, Ralph M 
245 0 |a Fundamentals of Information Systems 
245 0 |c Ralph M. Stair, George W. Reynolds 
260 |a High Holborn 
260 |b Thomson Learning 
260 |c 2004 
300 |a xxvi, 414 p. 
650 |a Management information systems; Management information systems; Hệ thống thông tin quản lý; Quản lý tài nguyên thông tin 
700 |a Reynolds, George W 
856 |u http://lrc.tdmu.edu.vn/opac/search/detail.asp?aID=2&ID=7203 
980 |a Trung tâm Học liệu Trường Đại học Thủ Dầu Một